Financial Accounts of OECD Countries Spain 1977/1992

Gespeichert in:
Bibliographische Detailangaben
Format: Buch
Sprache:Englisch
Französisch
Veröffentlicht: Paris OECD 1993
Schriftenreihe:OECD Financial statistics
Schlagworte:
Tags: Tag hinzufügen
Keine Tags, Fügen Sie das erste Tag hinzu!

MARC

LEADER 00000nam a2200000 4500
001 c005135
005 20240422072028.3
041 0 |a eng 
041 0 |a fre 
044 |a FR 
245 1 0 |a Financial Accounts of OECD Countries  |b Spain 1977/1992 
264 1 |a Paris  |b OECD  |c 1993 
300 |a 65 s. 
490 1 |a OECD Financial statistics 
830 0 |a OECD Financial statistics 
610 2 0 |a Španielsko 
610 2 0 |a účty 
610 2 0 |a kapitál 
610 2 0 |a financie 
610 2 0 |a trh finančný 
610 2 0 |a ústavy finančné 
610 2 0 |a fondy penzijné 
610 2 0 |a poisťovne 
610 2 0 |a banky emisné 
610 2 0 |a obchody bankové 
610 2 0 |a vláda 
610 2 0 |a financie štátne 
610 2 0 |a aktíva 
610 2 0 |a pasíva 
610 2 0 |a úver